Every Ace of Base song that hit the Billboard hot 100 - Statistics

General Stats
  • This quiz has been taken 59 times
  • The average score is 5 of 8
Answer Stats
Peak Chart Position Year Song % Correct
2 1993 All That She Wants
94%
1 1994 The Sign
94%
15 1995 Beautiful Life
68%
4 1994 Don't Turn Around
54%
10 1998 Cruel Summer
52%
20 1994 Living In Danger
38%
30 1996 Lucky Love
38%
76 1998 Whenever You're Near Me
16%
No matching quizzes found
Score Distribution
Percent of People with Each Score
Percentile by Number Answered
Your Score History
You have not taken this quiz